Control y responsabilidad de los jueces (siglos XVI-XXI)

Detalles Bibliográficos
Autor principal: Sǹchez Arcilla-Bernal, Još
Formato: eBook
Lenguaje:español
Publicado: Madrid: Dykinson, 2017
Materias:
Acceso en línea:Acceso restringido

MARC

LEADER 00000nam a22000007a 4500
005 20190215201551.0
007 cr|||| ||||
008 190215s2017 es |||||s|||| 00||0 spa d
020 |a 978-84-1324-004-6 
035 |a 22741 
040 |a vLex 
090 |c 8444  |d 8444 
100 1 |a Sǹchez Arcilla-Bernal, Još 
245 1 0 |a Control y responsabilidad de los jueces (siglos XVI-XXI)  |h [Recurso electrn̤ico] /  |c Jos ̌Sǹchez Arcilla-Bernal 
256 |a Servicio en ln̕ea 
260 |a Madrid:  |b Dykinson,  |c 2017 
300 |a 1 recurso electrn̤ico 
506 1 |a Disponible solo en los productos indicados  |d vLex Global  |d vLex Global (Academic Edition, excluding Law Schools)  |d vLex Global (U.S. Academic Edition, Law Schools)  |d vLex Global (U.S. Academic Edition, excluding Law Schools)  |d vLex Global (Academic Edition, Law Schools) 
650 0 4 |a Derecho Militar  |z Espaą 
740 0 |a vLex Libros (Servicio en ln̕ea) 
856 4 0 |u http://vlex.com/source/control-responsabilidad-jueces-siglos-xvi-xxi-22741  |z Acceso restringido 
942 |c BOOK 
999 0 |a Military Law